| 000 | 01195nkm a2200265 i 4500 | ||
|---|---|---|---|
| 001 | 4291 | ||
| 003 | ES-MaACL | ||
| 005 | 20250713063006.0 | ||
| 007 | khrbo | ||
| 008 | 070706s1988 sp --- g |001||spa d | ||
| 100 | 0 |
_aAlfonso, _d1902-1990 _919858 |
|
| 245 | 1 | 0 |
_aConcierto de primavera por el Coro del Club de Amigos de la UNESCO de Madrid [ _hFotografía] / _cAlfonso (sello). |
| 260 |
_a[S.l. : _bs.n.], _c1988. |
||
| 300 |
_a2 fot. : _bb. y n. ; _c12 x 18 cm. |
||
| 500 | _aDatos basados en invitación. | ||
| 511 | 0 | _aInterviene: el Coro del Club de Amigos de la UNESCO de Madrid; director: Miguel Angel Jaraba. | |
| 518 | _aActo organizado por la Sección de Música del Ateneo de Madrid, celebrado en el salón de actos el sábado, 23 de abril de 1988, a las 20:00 h. | ||
| 600 | 1 | 4 |
_aJaraba, Miguel Angel. _966095 |
| 610 | 2 | 4 |
_aAteneo de Madrid- _xActos culturales- _y1988- _vFotografías. _91903 |
| 710 | 2 |
_aAteneo de Madrid. _bSección de Música. _92004 |
|
| 710 | 2 |
_aClub de Amigos de la Unesco de Madrid. _92855 |
|
| 852 |
_aES-MaACL _jFOT 105/1988 |
||
| 856 | 4 |
_uhttp://www.ateneodemadrid.net/biblioteca_digital/imagenes/1988/0105-1988.jpg _zVer imagen |
|
| 999 |
_c4291 _d4291 |
||